<?xml version="1.0" encoding="UTF-8"?>
<collection xmlns="http://www.loc.gov/MARC21/slim">
 <record>
  <leader>     na                 </leader>
  <controlfield tag="001">INLIS000000000003128</controlfield>
  <controlfield tag="005">20260210032730</controlfield>
  <datafield tag="035" ind1=" " ind2=" ">
   <subfield code="a">0010-0621002728</subfield>
  </datafield>
  <controlfield tag="008">260210                g          0 ind  </controlfield>
  <datafield tag="245" ind1="1" ind2=" ">
   <subfield code="a">Teknik Slap Bass :</subfield>
   <subfield code="b">Untuk Tingkat Menengah Sampai Tingkat Mahir</subfield>
  </datafield>
  <datafield tag="100" ind1="0" ind2=" ">
   <subfield code="a">Franky Sadikin</subfield>
  </datafield>
  <datafield tag="260" ind1=" " ind2=" ">
   <subfield code="a">Jakarta :</subfield>
   <subfield code="b">Grasindo,</subfield>
   <subfield code="c">2005</subfield>
  </datafield>
  <datafield tag="300" ind1=" " ind2=" ">
   <subfield code="a">22 halaman :</subfield>
   <subfield code="b">Ilustrasi ;</subfield>
   <subfield code="c">29,5 cm.</subfield>
  </datafield>
  <datafield tag="020" ind1=" " ind2=" ">
   <subfield code="a">9797591042</subfield>
  </datafield>
  <datafield tag="084" ind1=" " ind2=" ">
   <subfield code="a">787 FRA t</subfield>
  </datafield>
  <datafield tag="520" ind1=" " ind2=" ">
   <subfield code="a">Buku Teknik Slap Bass membahas secara mendalam salah satu gaya bermain gitar bass yang paling ekspresif dan energik, yaitu teknik slap. Materi di dalamnya mencakup sejarah perkembangan slap bass, pengenalan dasar mengenai posisi tangan dan jari, serta langkah-langkah praktis untuk menghasilkan bunyi “slap” dan “pop” yang khas. Selain itu, buku ini menguraikan variasi teknik seperti double thumb, hammer-on, pull-off, dan kombinasi slap dengan groove ritmis. Penjelasan juga diberikan mengenai peran slap bass dalam berbagai genre musik, mulai dari funk, jazz, rock, hingga pop modern. Disertai latihan progresif, notasi, dan contoh lagu, buku ini membantu pembaca menguasai teknik slap bass secara bertahap. Dengan pendekatan sistematis dan ilustrasi yang jelas, buku ini menjadi panduan inspiratif bagi pemula maupun pemain bass berpengalaman yang ingin memperkaya gaya permainan mereka.</subfield>
  </datafield>
  <datafield tag="082" ind1=" " ind2=" ">
   <subfield code="a">787</subfield>
  </datafield>
  <datafield tag="650" ind1=" " ind2="4">
   <subfield code="a">Bermain Gitar</subfield>
  </datafield>
  <datafield tag="650" ind1=" " ind2="4">
   <subfield code="a">Bass</subfield>
  </datafield>
  <datafield tag="250" ind1=" " ind2=" ">
   <subfield code="a">Cetakan 2</subfield>
  </datafield>
  <datafield tag="505" ind1=" " ind2=" ">
   <subfield code="a">Sejarah Slap Bass  &#13;
Asal-usul teknik slap, perkembangannya dalam musik funk, jazz, rock, hingga pop modern.&#13;
&#13;
Dasar Teknik Slap  &#13;
Posisi tangan, cara menghasilkan bunyi “slap” dengan ibu jari, serta teknik “pop” dengan jari telunjuk atau tengah.&#13;
&#13;
Variasi Teknik Slap  &#13;
Double thumb, hammer-on, pull-off, dan kombinasi slap dengan groove ritmis.&#13;
&#13;
Latihan Progresif  &#13;
Pola latihan dari tingkat pemula hingga mahir, termasuk latihan tempo, sinkronisasi, dan improvisasi.&#13;
&#13;
Peran Slap Bass dalam Musik  &#13;
Fungsi slap bass dalam membentuk groove, ritme, dan karakter lagu di berbagai genre.&#13;
&#13;
Contoh Lagu dan Notasi  &#13;
Lagu-lagu populer yang menggunakan slap bass sebagai bahan latihan, lengkap dengan tabulasi atau notasi.&#13;
&#13;
Tips dan Trik Bermain Slap Bass  &#13;
Cara menjaga konsistensi suara, mengatur dinamika, serta mengembangkan gaya bermain pribadi.&#13;
&#13;
Inspirasi dari Musisi Bass Dunia  &#13;
Profil singkat pemain bass terkenal yang mempopulerkan teknik slap sebagai motivasi dan referensi gaya.</subfield>
  </datafield>
  <datafield tag="990" ind1=" " ind2=" ">
   <subfield code="a">036420</subfield>
  </datafield>
  <datafield tag="990" ind1=" " ind2=" ">
   <subfield code="a">036418</subfield>
  </datafield>
  <datafield tag="990" ind1=" " ind2=" ">
   <subfield code="a">036421</subfield>
  </datafield>
  <datafield tag="990" ind1=" " ind2=" ">
   <subfield code="a">036419</subfield>
  </datafield>
  <datafield tag="990" ind1=" " ind2=" ">
   <subfield code="a">036422</subfield>
  </datafield>
 </record>
</collection>
